40 años, 75 textos (Record no. 85865)

MARC details
000 -LEADER
campo de control de longitud fija 02255nam a22001937a 4500
001 - NÚMERO DE CONTROL
campo de control 85865
005 - FECHA Y HORA DE LA ÚLTIMA TRANSACCIÓN
campo de control 20260430120721.0
008 - DATOS DE LONGITUD FIJA--INFORMACIÓN GENERAL
campo de control de longitud fija 260430s2025 sp ||||| |||| 00| 0 spa d
040 ## - FUENTE DE CATALOGACIÓN
Centro catalogador/agencia de origen M-RABA
Lengua de catalogación spa
Centro/agencia transcriptor M-RABA
245 00 - MENCIÓN DEL TÍTULO
Título 40 años, 75 textos
Resto del título : 1985-2025
Mención de responsabilidad, etc. / AV
260 ## - PUBLICACIÓN, DISTRIBUCIÓN, ETC.
Lugar de publicación, distribución, etc. Madrid
Nombre del editor, distribuidor, etc. : Arquitectura Viva
Fecha de publicación, distribución, etc. , [2025]
300 ## - DESCRIPCIÓN FÍSICA
Extensión 63 p.
Otras características físicas : il. col.
Dimensiones ; 30 cm
500 00 - NOTA GENERAL
Nota general En contraport.: Iñaki Ábalos · Miguel Aguiló · Ricardo Aroca · Joaquín Bérchez · Iñaki Bergera · Francisco Burgos · Alberto Campo Baeza · Fernanda Canales · François Chaslin · David Chipperfield · Francesco Dal Co · Begoña Díaz-Urgorri · Estrella de Diego · Gong Dong · Peter Eisenman · Ana Esteban Maluenda · Norman Foster · Kenneth Frampton · Lucía Franco · José Luis García Delgado · Ignacio García Pedrosa · Ángela García de Paredes · Antón Garcí-Abril · Adela García-Herrera · Ginés Garrido · Javier Gomá · Anna Heringer · Juan Herreros · Jacques Herzog · Louisa Hutton · Fulvio Irace · Justo Isasi · Andrés Jaque · Carlos Jiménez · Francis Kéré · Kengo Kuma · Rafael de La-Hoz · Vittorio Magnano Lampugnani · José María de Lapuerta · Liane Lefaivre · Lars Lerup · José Ignacio Linazasoro · Eduardo Mangada · Francisco Mangado · Simón Marchán Fiz · Giancarlo Mazzanti · Joaquín Medina Warmburg · Fernando Menis · Débora Mesa · Juan Miró Sardá · Rafael Moneo · Juan Navarro Baldeweg · Fuensanta Nieto · Elena Ochoa · Antonio Ortiz · Marina Otero · Ignacio Paricio · Dominique Perrault · Renzo Piano · Alberto Pieltain · Carme Pinós · Manuel Pizarro · Eduardo Prieto · Julia Ramírez-Blanco · Thomas Reese · Joan Roig · Josean Ruiz Esquíroz · Jorge Sainz · José Manuel Sánchez Ron · Matthias Sauerbruch · Álvaro Siza · Enrique Sobejano · Eduardo Souto de Moura · Benedetta Tagliabue · Emilio Tuñón · Alexander Tzonis · Cristián Undurraga · Fermín Vázquez · Guillermo Vázquez Consuegra · Juan Villoro · Sarah Whiting · Dulce Xerach
650 #0 - PUNTO DE ACCESO ADICIONAL DE MATERIA--TÉRMINO DE MATERIA
Término de materia o nombre geográfico como elemento de entrada Arte-
Subdivisión geográfica España-
Subdivisión cronológica S. XX
9 (RLIN) 83624
700 1# - ENTRADA AGREGADA--NOMBRE PERSONAL
Nombre de persona Fernández Galiano, Luis A. (
Fechas asociadas al nombre 1950-)
9 (RLIN) 58037
Término indicativo de función/relación director publicación
710 ## - ENTRADA AGREGADA--NOMBRE DE ENTIDAD CORPORATIVA
Nombre de entidad corporativa o nombre de jurisdicción como elemento de entrada Arquitectura Viva (Madrid)
9 (RLIN) 109449
852 ## - LOCALIZACIÓN
Número de control de estantería F-16128
942 ## - ELEMENTOS DE ENTRADA SECUNDARIOS (KOHA)
Tipo de ítem Koha Fondo moderno
Suprimir en OPAC No
Holdings
Estatus retirado Estado de pérdida Fuente de la clasificación o esquema de estantería Estado de daño No para préstamo Biblioteca de origen Biblioteca actual Ubicación en estantería Fecha de adquisición Número de inventario Total de préstamos Signatura topográfica completa Código de barras Visto por última vez Precio de reemplazo Tipo de ítem Koha
    Clasificación Decimal Dewey     Real Academia de la Bellas Artes de San Fernando Real Academia de la Bellas Artes de San Fernando Depósito 2 30/04/2026 47612   F-16128 1097179 30/04/2026 30/04/2026 Fondo moderno

Powered by Koha